Vysoké Tatry XIX. Veľká cena Slovenska : svetový pohár 1974

Zobrazenie: 4 čiastkové pohľady

Bibliographic Details
Format: Postcard
Language:Slovak
German
PhysicalDescription:1 pohľadnica farebná 11 x 15 cm
Published: Bratislava Šport [1973]
Subjects:

MARC

LEADER 00000nkm a2200000 a 4500
001 vtls010653403
003 SK-MaSNL
005 20260512130212.0
007 kp co
008 231206s1973 xo g kzslo
035 |a C93CB267-8B39-4577-81F4-4E850428C245 
035 |a urn:nbn:sk:snk-kmxwsn 
035 |a urn:nbn:sk:snk-km004bfl 
040 |a SNK  |b slo  |c SNK  |e AACR2 
041 0 |a slo  |a ger 
044 |a xo  |c SK 
080 |a 796.926  |2 2001 
080 |a (437.6-17)  |2 2001 
080 |a (084.121)  |2 2001 
245 0 0 |a Vysoké Tatry  |h grafika  |b XIX. Veľká cena Slovenska : svetový pohár 1974 
246 1 1 |a Vysokije Tatry 
246 1 1 |a Hohe Tatra 
246 1 1 |a High Tatra 
260 |a Bratislava  |b Šport  |c [1973] 
300 |a 1 pohľadnica  |b farebná  |c 11 x 15 cm 
520 8 |a Zobrazenie: 4 čiastkové pohľady 
546 |a Text aj v nem. 
650 0 7 |a zjazdové lyžovanie  |2 SNKPH  |9 3258 
651 7 |a Vysoké Tatry (Poľsko a Slovensko : pohorie)  |2 SNKPHgeo  |9 67729 
655 7 |a geografické pohľadnice  |2 SNKPH  |9 70522 
655 7 |a miestne pohľadnice  |2 SNKPH  |9 70510 
852 |a Slovenská národná knižnica 
958 |a GC 
958 |a GBN 
958 |a OND 
999 |c 1185158  |d 1187088 
952 |a SNK  |b SNK  |y PREZ  |7 0  |p 17A1122222  |o snkSP 152480  |i snk2015/4694  |8 3  |g 0.50  |0 0  |1 0  |4 0  |d 2015-02-10  |f 1  |l 0  |r 2026-02-24 21:53:07  |w 2026-02-24